[Event "POL Cup op blitz"]
[Site "Lodz"]
[Date "2021.08.08"]
[Round "5"]
[White "Luberanski, Jakub"]
[Black "Lach, Tomasz"]
[Result "1-0"]
[WhiteElo "2247"]
[BlackElo "1834"]
[PlyCount "97"]
[EventDate "2021.08.08"]
[EventType "swiss (blitz)"]
[EventRounds "13"]
[EventCountry "POL"]
[SourceTitle "CBM 203 Extra"]
[Source "ChessBase"]
[SourceDate "2021.09.30"]
[SourceVersion "1"]
[SourceVersionDate "2021.09.30"]
[SourceQuality "1"]

1. d4 d5 2. Bf4 Nf6 3. e3 c5 4. c3 Nc6 5. Nd2 cxd4 6. exd4 Bg4 7. Qb3 Qc8 8. Ngf3 e6 9. Bd3 Be7 10. 0-0 0-0 11. Qc2 Bh5 12. Ne5 Bg6 13. Nxg6 hxg6 14. Nf3 Qd8 15. Rfe1 Rc8 16. Qe2 Bd6 17. Bxd6 Qxd6 18. Ne5 Ne7 19. Qf3 Nd7 20. Qh3 Nf5 21. g4 Nh6 22. f4 Nxe5 23. fxe5 Qe7 24. Qg3 g5 25. Rf1 Rb8 26. Rf2 b5 27. a3 a5 28. b4 Rfc8 29. Bc2 axb4 30. axb4 Ra8 31. Raf1 Ra3 32. Rf3 Rc7 33. Bd1 Ra1 34. Be2 Rxf1+ 35. Bxf1 Rb7 36. Rf2 Rb8 37. Ra2 g6 38. h3 Kg7 39. Ra5 Qd7 40. Qd3 Ng8 41. Rxb5 Rc8 42. Rc5 Rb8 43. Qa6 Ne7 44. Qd6 Qa7 45. Rc7 Qa3 46. Qxe7 Rf8 47. Qf6+ Kg8 48. b5 Qc1 49. Qf2 1-0

[Event "POL Cup op rapid"]
[Site "Lodz"]
[Date "2021.08.07"]
[Round "5"]
[White "Lach, Tomasz"]
[Black "Zochowski, Kacper"]
[Result "0-1"]
[WhiteElo "1834"]
[BlackElo "2254"]
[PlyCount "128"]
[EventDate "2021.08.07"]
[EventType "swiss (rapid)"]
[EventRounds "9"]
[EventCountry "POL"]
[SourceTitle "CBM 203 Extra"]
[Source "ChessBase"]
[SourceDate "2021.09.30"]
[SourceVersion "1"]
[SourceVersionDate "2021.09.30"]
[SourceQuality "1"]

1. d4 d6 2. e4 g6 3. Nf3 Bg7 4. Bc4 a6 5. 0-0 e6 6. Bg5 Ne7 7. c3 Nd7 8. Re1 h6 9. Bh4 g5 10. Bg3 Ng6 11. e5 dxe5 12. dxe5 g4 13. Nd4 Ndxe5 14. Be2 h5 15. f4 gxf3 16. Nxf3 Nxf3+ 17. Bxf3 Qxd1 18. Rxd1 Ne5 19. Be4 h4 20. Bxe5 Bxe5 21. Nd2 Ke7 22. Nf3 Bd6 23. Re1 Rb8 24. Rad1 Bd7 25. b3 b5 26. Nd4 Bc5 27. b4 Bb6 28. Kf1 c5 29. Nf3 cxb4 30. cxb4 Rh5 31. Re2 a5 32. Red2 Be8 33. a3 Rc8 34. Rc2 Rxc2 35. Bxc2 Bc6 36. Ke2 h3 37. g4 Bxf3+ 38. Kxf3 Re5 39. Rd3 axb4 40. axb4 Bc7 41. Rc3 Bd6 42. Kf2 Rd5 43. Rd3 Rg5 44. Rxh3 Rxg4 45. Rh5 Rxb4 46. Bd3 Rb2+ 47. Kf3 b4 48. h4 Rh2 49. Rh7 Rh3+ 50. Ke2 Kf6 51. Rh8 b3 52. h5 b2 53. Bb1 Rh1 54. Be4 b1Q 55. Bxb1 Rxb1 56. Kf3 Rh1 57. Kg4 Kg7 58. Rd8 Be7 59. Rd7 f5+ 60. Kf4 Kf6 61. Rb7 Rh3 62. Rb6 Bd8 63. Rc6 Bc7+ 64. Rxc7 e5# 0-1

[Event "Poznan op 27th"]
[Site "Poznan"]
[Date "2019.08.18"]
[Round "2"]
[White "Sliwerski, Radoslaw"]
[Black "Lach, Tomasz"]
[Result "1-0"]
[WhiteElo "2041"]
[BlackElo "1814"]
[PlyCount "155"]
[EventDate "2019.08.18"]
[EventType "swiss"]
[EventRounds "9"]
[EventCountry "POL"]
[SourceTitle "EXT 2020"]
[Source "ChessBase"]
[SourceDate "2019.10.17"]
[SourceVersion "1"]
[SourceVersionDate "2019.10.17"]
[SourceQuality "1"]

1. d4 c5 2. c3 d5 3. Nf3 Nf6 4. dxc5 a5 5. b4 b6 6. cxb6 Qxb6 7. bxa5 Rxa5 8. Ba3 Nc6 9. e3 Ba6 10. Qb3 Qxb3 11. axb3 Bxf1 12. Rxf1 e6 13. Bb2 Rxa1 14. Bxa1 Bd6 15. Nbd2 Ke7 16. Ke2 Ra8 17. c4 dxc4 18. Bxf6+ gxf6 19. Rc1 Ra2 20. Rxc4 Kd7 21. Nd4 Nxd4+ 22. Rxd4 Kc6 23. Kd3 Bxh2 24. g3 Bg1 25. Ke2 e5 26. Ra4 Rb2 27. Ra6+ Kd7 28. Rxf6 Ke7 29. Rf5 Ke6 30. e4 Ra2 31. Rf3 h5 32. Rd3 h4 33. gxh4 Bh2 34. Kf3 Bf4 35. Nc4 Ra1 36. Nd6 f6 37. Nf5 Rb1 38. Kg2 Re1 39. Ne3 Kf7 40. Rd1 Re2 41. Kf3 Rb2 42. Rd3 Rb1 43. Nd5 Bh6 44. Kg4 Bf8 45. Rf3 Rg1+ 46. Rg3 Rh1 47. Rh3 Rf1 48. f4 exf4 49. Rf3 Rg1+ 50. Kxf4 Bd6+ 51. Ke3 Be5 52. Kd3 Rh1 53. Nxf6 Rxh4 54. Ng4+ Ke6 55. Nxe5 Kxe5 56. Rf5+ Ke6 57. b4 Rh3+ 58. Kd4 Rb3 59. b5 Rb4+ 60. Kc5 Rxe4 61. Rd5 Re1 62. Rd2 Rc1+ 63. Kb6 Rb1 64. Kc6 Rc1+ 65. Kb7 Ke7 66. b6 Rc3 67. Kb8 Ke6 68. b7 Ra3 69. Rd4 Ra2 70. Kc7 Rc2+ 71. Kb6 Rb2+ 72. Kc6 Rc2+ 73. Kb5 Ke5 74. Rc4 Rb2+ 75. Rb4 Re2 76. b8Q+ Kf5 77. Qf4+ Ke6 78. Qg4+ 1-0